• 首页
  • 本馆介绍
  • 公告通知
  • 最新文献
  • 馆藏检索
  • 电子资源
  • 读者导购
  • 参考咨询
  • 我的图书馆
  • 登录
  • 详细信息显示
  • 放入我的书架
  • 预约/预借图书
  • 作者相关作品
  • 分类相关作品
  • 丛书相关作品
  • 出版社相关作品

书目信息

  • 表格格式
  • 工作单格式
  • 卡片格式
题名:
饲料毒物学附毒物分析
    
 
作者: 齐德生 主编
分册:  
出版信息: 北京   科学出版社  2018.02
页数: 314页
开本: 26cm
丛书名:
单 册:
中图分类: S859.8
科图分类:
主题词: 饲料--毒理学--高等学校--教材
电子资源:
ISBN: 978-7-03-054275-5
000 01246nam0 2200277 450
001 4510
005 20181015085853.54
010    @a978-7-03-054275-5@dCNY59.90
100    @a20180513d2018 em y0chiy50 ea
101 0  @achi
102    @aCN@b110000
105    @aak az 000yy
200 1  @a饲料毒物学附毒物分析@9si liao du wu xue fu du wu fen xi@f齐德生主编
205    @a2版
210    @a北京@c科学出版社@d2018.02
215    @a314页@c图@d26cm
300    @a普通高等教育“十二五”规划教材
312    @a封面英文题名:Feed toxicology
320    @a有书目
330    @a本教材主要阐述了饲料中有毒有害物质的来源,种类,水平,危害特点和机制,检验方法,以及饲料的安全利用和饲料卫生质量监督管理等问题。主要内容有:饲料毒物学基础,青绿饲料中的有害物质,豆类、谷实类饲料中共同存在的有害物质,能量饲料中的有害物质,蛋白质饲料中的有害物质,矿物质饲料、动物性饲料和饲料添加剂的毒性问题,霉菌毒素对饲料的污染,有毒金属元素对饲料的污染,农药对饲料的污染,其他化学物质对饲料的污染,饲料安全卫生质量的监督管理,饲料毒物的毒性实验方法和常见有毒有害物质的检验方法。
510 1  @aFeed toxicology@zeng
606 0  @a饲料@x毒理学@x高等学校@j教材
690    @aS859.8@v5
701  0 @a齐德生@9qi de sheng@4主编
801  0 @aCN@b91MARC@c20180513
905    @aMuseLib@dS859.8@e164=2
    
    饲料毒物学附毒物分析/齐德生主编.-2版.-北京:科学出版社,2018.02
    314页:图;26cm
    普通高等教育“十二五”规划教材
    
    ISBN 978-7-03-054275-5:CNY59.90
    本教材主要阐述了饲料中有毒有害物质的来源,种类,水平,危害特点和机制,检验方法,以及饲料的安全利用和饲料卫生质量监督管理等问题。主要内容有:饲料毒物学基础,青绿饲料中的有害物质,豆类、谷实类饲料中共同存在的有害物质,能量饲料中的有害物质,蛋白质饲料中的有害物质,矿物质饲料、动物性饲料和饲料添加剂的毒性问题,霉菌毒素对饲料的污染,有毒金属元素对饲料的污染,农药对饲料的污染,其他化学物质对饲料的污染,饲料安全卫生质量的监督管理,饲料毒物的毒性实验方法和常见有毒有害物质的检验方法。
●
相关链接 在E读中查询图书 在五车中查询图书 在当当中查询图书 在豆瓣中查询图书


正题名:饲料毒物学附毒物分析     索取号:S859.8/164=2         预约/预借

序号 登录号 条形码 馆藏地/架位号 状态 备注
1 1125466   211254667   第二样本阅览室/ [索取号:S859.8/164=2] 在馆    
2 1125467   211254676   第三借阅区/ [索取号:S859.8/164=2] 在馆    
3 1125468   211254685   第三借阅区/ [索取号:S859.8/164=2] 在馆    
4 1125469   211254694   第三借阅区/ [索取号:S859.8/164=2] 在馆    
5 1125470   211254701   第三借阅区/ [索取号:S859.8/164=2] 在馆    
唐山师范学院图书馆 欢迎您!
大连网信软件有限公司© 版权所有